• 首页
  • 本馆介绍
  • 公告通知
  • 最新文献
  • 馆藏检索
  • 电子资源
  • 读者导购
  • 参考咨询
  • 我的图书馆
  • 登录
  • 详细信息显示
  • 放入我的书架
  • 预约/预借图书
  • 作者相关作品
  • 分类相关作品
  • 丛书相关作品
  • 出版社相关作品

书目信息

  • 表格格式
  • 工作单格式
  • 卡片格式
题名:
元曲释词
    
 
作者: 顾学颉 , 王学奇 著
分册: 三  
出版信息: 北京   中国社会科学出版社  1988.12
页数: 603页
开本: 21cm
丛书名:
单 册:
中图分类: H134
科图分类:
主题词: 汉语--语义 , 汉语--语义学 , 汉语--词汇 , 训诂
电子资源:
ISBN: 7-5004-0267-8
000 00643nam0 2200241 45
001 0211281542
005 20040420162514.2
010    @a7-5004-0267-8@dCNY5.95
100    @a20021128d1988 km y0chiy0120 ea
101 0  @achi
105    @a z 000gy
200 1  @a元曲释词@AYuan Qu Shi Ci@h三@f顾学颉,王学奇著@FGu Xue Jie,Wang Xue Qi Zhu
210    @a北京@c中国社会科学出版社@d1988.12
215    @a603页@d21cm
606 0  @a汉语@x语义
606 0  @a汉语@x语义学
606 0  @a汉语@x词汇
606 0  @a训诂
690    @aH134@v3
701  0 @a顾学颉@4著
701  0 @a王学奇@4著
801    @aCN@bTSTC@c20030219
905    @dH134@e72:3@f1@b244853
    
    元曲释词.三/顾学颉,王学奇著.-北京:中国社会科学出版社,1988.12
    603页;21cm
    
    
    ISBN 7-5004-0267-8:CNY5.95
    
●
相关链接 在E读中查询图书 在五车中查询图书 在当当中查询图书 在豆瓣中查询图书


正题名:元曲释词     索取号:H134/72:3         预约/预借

序号 登录号 条形码 馆藏地/架位号 状态 备注
1 0244853   000838240   第四借阅区/ [索取号:H134/72:3] 在馆    
2 0244854   001747676   第四借阅区/ [索取号:H134/72:3] 在馆    
3 0244855   202074147   第二样本阅览室/ [索取号:H134/72:3] 在馆    
唐山师范学院图书馆 欢迎您!
大连网信软件有限公司© 版权所有